Razum

Bibliographic Details
Main Author: Sloboda, Rudolf, 1938-1995 (Author)
Other Authors: Šalejová, Alenka (Translator, Author of introduction, etc.)
Format: Book
Language:Slovenian
Slovak
PhysicalDescription:221 s. 25 cm
Published: Ljubljana Sanje 2006
ISBN:9789616387927
Series:Zbirka Roman Sanje
Subjects:

MARC

LEADER 00000nam a2200000 a 4500
001 vtls009339497
003 SK-MaSNL
005 20260301125627.0
008 240318s2006 xv 000 faslv
015 |a SNBZSA2010-00333 
020 |a 9789616387927  |q (brož.) 
035 |a C49350E3-6434-468E-8AF4-45CE6DCEDA7D 
035 |a urn:nbn:sk:snk-aml4yg 
035 |a urn:nbn:sk:snk-am008w6y 
040 |a SNK  |b slo  |c SNK  |e AACR2 
041 1 |a slv  |a slo 
044 |a xv  |c SI 
072 7 |a 821.162.4-3  |x Slovenská próza  |2 konspekt 
080 |a 821.162.4-3  |2 2001 
080 |a 821.162.4-312.6  |2 2001 
100 1 |a Sloboda, Rudolf,  |d 1938-1995  |4 aut  |9 101482 
240 1 0 |a Rozum  |l Slovinsky 
245 1 0 |a Razum  |c Rudolf Sloboda ; iz slovaščine prevedla [in spremni zapis] Alenka Šalej 
260 |a Ljubljana  |b Sanje  |c 2006 
300 |a 221 s.  |c 25 cm 
490 1 |a Zbirka Roman Sanje 
500 |a 600 výt. 
600 1 7 |a Sloboda, Rudolf,  |d 1938-1995  |9 101482 
655 7 |a slovenská próza  |2 snkph  |9 104890 
655 7 |a autobiografické romány  |2 snkph  |9 70327 
700 1 |a Šalejová, Alenka  |4 trl  |4 aui  |9 475899 
830 0 |a Zbirka Roman Sanje  |9 475900 
919 |a 978-961-6387-92-7 
958 |a ZS 
958 |a LX 
958 |a UP 
958 |a SI 
999 |c 742997  |d 744927 
952 |a SNK  |b SNK  |y VYP  |7 0  |p 17A1448606  |o snkSC 133593 D1  |i snk2021/1070  |8 2  |g 14.90  |0 0  |1 0  |4 0  |d 2020-12-07  |l 0  |r 2026-02-23 23:06:05  |w 2026-02-23 
952 |a SNK  |b SNK  |y PREZ  |7 0  |p 17A0602940  |o snkSC 133593  |i snk2008/20696  |8 2  |g 13.68  |0 0  |1 0  |4 0  |d 2008-09-29  |f 1  |l 0  |r 2025-06-24 00:00:00  |w 2026-02-23